Statistics for 2022 Movies Released by Universal Pictures

Click here to take the quiz!

General Stats

  • This quiz has been taken 5 times
    (2 since last reset)
  • The average score is 27 of 37

Answer Stats

DateDirectorAnswer% Correct
April 8, 2022Michael BayAmbulance
100%
September 30, 2022Nicholas StollerBros
100%
February 18, 2022Channing Tatum & Reid CarolinDog
100%
August 5, 2022Jay ChandrasekharEaster Sunday
100%
October 14, 2022David Gordon GreenHalloween Ends
100%
June 10, 2022Colin TrevorrowJurassic World: Dominion
100%
February 11, 2022Kat CoiroMarry Me
100%
July 1, 2022Kyle BaldaMinions: The Rise of Gru
100%
July 22, 2022Jordan PeeleNope
100%
December 21, 2022Joel CrawfordPuss in Boots: The Last Wish
100%
April 22, 2022Pierre PerifelThe Bad Guys
100%
June 24, 2022Scott DerricksonThe Black Phone
100%
November 23, 2022Steven SpielbergThe Fabelmans
100%
July 1, 2022Michael McDonaghThe Forgiven
100%
April 22, 2022Robert EggersThe Northman
100%
September 16, 2022Agnieszka SmoczyńskaThe Silent Twins
100%
October 21, 2022Ol ParkerTicket to Paradise
100%
December 2, 2022Tommy WirkolaViolent Night
100%
June 3, 2022Chloe OkunoWatcher
100%
October 28, 2022James GrayArmageddon Time
50%
August 19, 2022Baltasar KormákurBeast
50%
June 17, 2022Jim ArcherBrian & Charles
50%
February 25, 2022Joe WrightCyrano
50%
May 20, 2022Simon CurtisDownton Abbey: A New Era
50%
August 12, 2022John Patton Ford.Emily the Criminal
50%
May 13, 2022Keith ThomasFirestarter
50%
September 2, 2022Adamma EboHonk for Jesus. Save Your Soul
50%
July 1, 2022Emma Holly JonesMr. Malcom's List
50%
July 15, 2022Anthony FabianMrs. Harris Goes to Paris
50%
January 21, 2022D. J. CarusoRedeeming Love
50%
November 18, 2022Maria SchraderShe Said
50%
December 2, 2022Michael ShowalterSpoiler Alert: The Hero Dies
50%
October 7, 2022Todd FieldTár
50%
January 7, 2022Simon KinbergThe 355
50%
July 29, 2022B. J. NovakVengeance
50%
March 18, 2022Graham MooreThe Outfit
0%
April 1, 2022Goran StolevskiYou Won't Be Alone
0%

Score Distribution

Percentile by Number Answered

Percent of People with Each Score

Your Score History

You have not taken this quiz since the last reset